000 00633nam a2200241Ia 4500
003 OSt
005 20221005033435.0
006 a|||||r|||| 00| 0
007 ta
008 221004b |||||||| |||| 00| 0 eng d
024 _a52197
037 _cTextual
040 _aCRL
_cCRL
_beng
041 _2eng
_aeng
082 _aR3xM72:g, M4
100 _aJalal-ul-Haq
_9586094
245 0 _aBertrand Russell's philosophy of perception
260 _aDelhi
_bBharatiya Vidya
_c1984
300 _a172p
_ccm.
650 _aPHILOSOPHY
942 _hR3xM72:g, M4
_cTEXL
_2cc
999 _c941523
_d941523